[Event "IECG WC.2009.S.00004 email"]
[Site "IECG email"]
[Date "2006.09.09"]
[Round "?"]
[White "Borrell, Robert"]
[Black "Sacerdotali, Sergio"]
[Result "0-1"]
[WhiteElo "2176"]
[BlackElo "2258"]
[PlyCount "44"]
[EventDate "2006.09.09"]
[EventType "tourn (corr)"]
[EventRounds "6"]
[SourceTitle "Corr 2008"]
[Source "ChessBase"]
[SourceDate "2008.06.24"]
[SourceVersion "1"]
[SourceVersionDate "2008.06.24"]
[SourceQuality "1"]

1. e4 e5 2. Nf3 Nc6 3. Bc4 Nf6 4. d3 Bc5 5. c3 a6 6. h3 d6 7. 0-0 Ba7 8. Bb3 0-0 9. Re1 h6 10. Nbd2 Nh5 11. Nf1 Qf6 12. Ne3 Nf4 13. Nd5 Nxd5 14. Bxd5 Qg6 15. Kf1 Ne7 16. Bb3 Kh8 17. g4 f5 18. exf5 Nxf5 19. Bd5 Qf6 20. gxf5 Bxf5 21. Kg2 c6 22. Be4 Qg6+ 0-1

[Event "IECG WC.2009.S.00004 email"]
[Site "IECG email"]
[Date "2006.09.09"]
[Round "?"]
[White "Carroll, Patrick J"]
[Black "Borrell, Robert"]
[Result "1-0"]
[WhiteElo "2195"]
[BlackElo "2176"]
[PlyCount "39"]
[EventDate "2006.09.09"]
[EventType "tourn (corr)"]
[EventRounds "6"]
[SourceTitle "Corr 2008"]
[Source "ChessBase"]
[SourceDate "2008.06.24"]
[SourceVersion "1"]
[SourceVersionDate "2008.06.24"]
[SourceQuality "1"]

1. e4 c5 2. c3 d5 3. exd5 Qxd5 4. d4 e6 5. Nf3 Nc6 6. Be3 cxd4 7. cxd4 Nf6 8. Nc3 Qd6 9. a3 Be7 10. Bd3 b6 11. 0-0 Bb7 12. Qe2 0-0 13. Rad1 Rad8 14. Bb1 Rfe8 15. Rfe1 Qb8 16. Bc1 Kf8 17. Bg5 h6 18. Bh4 Nh5 19. Bg3 Nxg3 20. hxg3 1-0

[Event "IECG WC.2009.S.00004 email"]
[Site "IECG email"]
[Date "2006.09.09"]
[Round "?"]
[White "Svartbo, Martin"]
[Black "Borrell, Robert"]
[Result "1-0"]
[WhiteElo "1964"]
[BlackElo "2176"]
[PlyCount "29"]
[EventDate "2006.09.09"]
[EventType "tourn (corr)"]
[EventRounds "6"]
[SourceTitle "Corr 2024"]
[Source "ChessBase"]
[SourceDate "2023.10.19"]
[SourceVersion "1"]
[SourceVersionDate "2023.10.19"]
[SourceQuality "1"]

1. d4 Nf6 2. c4 c5 3. d5 e6 4. Nc3 exd5 5. cxd5 d6 6. Nf3 g6 7. e4 Bg7 8. h3 0-0 9. Bd3 Nbd7 10. 0-0 Qe7 11. Re1 a6 12. a4 Rb8 13. Bf4 Ne8 14. Bf1 b6 15. Qd2 1-0

[Event "IECG CP.2004.Q.00012 email"]
[Site "IECG email"]
[Date "2006.01.20"]
[Round "?"]
[White "Borrell, Robert"]
[Black "Baroin, Bernard"]
[Result "1-0"]
[WhiteElo "2017"]
[BlackElo "2066"]
[PlyCount "42"]
[EventDate "2006.01.20"]
[EventType "tourn (corr)"]
[EventRounds "6"]
[EventCountry "AUT"]
[SourceTitle "Corr 2008"]
[Source "ChessBase"]
[SourceDate "2008.06.24"]
[SourceVersion "1"]
[SourceVersionDate "2008.06.24"]
[SourceQuality "1"]

1. e4 e5 2. Nf3 Nc6 3. Bb5 a6 4. Ba4 Nf6 5. 0-0 Be7 6. Re1 b5 7. Bb3 d6 8. c3 0-0 9. h3 Nb8 10. d3 Nbd7 11. Nbd2 Bb7 12. Bc2 Re8 13. Nf1 a5 14. d4 c5 15. Ng3 a4 16. d5 Nb6 17. Nd2 Bc8 18. Ndf1 Bd7 19. Ne3 g6 20. Rb1 c4 21. Qf3 h5 1-0

[Event "IECG CP.2004.Q.00012 email"]
[Site "IECG email"]
[Date "2006.01.20"]
[Round "?"]
[White "Borrell, Robert"]
[Black "Martucci, Massimo"]
[Result "1/2-1/2"]
[WhiteElo "2017"]
[BlackElo "1305"]
[PlyCount "57"]
[EventDate "2006.01.20"]
[EventType "tourn (corr)"]
[EventRounds "6"]
[EventCountry "AUT"]
[SourceTitle "Corr 2008"]
[Source "ChessBase"]
[SourceDate "2008.06.24"]
[SourceVersion "1"]
[SourceVersionDate "2008.06.24"]
[SourceQuality "1"]

1. e4 c5 2. Nf3 e6 3. d4 cxd4 4. Nxd4 Nc6 5. Nb5 d6 6. c4 Nf6 7. N5c3 Be7 8. Be2 0-0 9. 0-0 a6 10. Bf4 b6 11. Nd2 Bb7 12. Re1 Ne5 13. Rc1 Qc7 14. a3 Ng6 15. Be3 Nd7 16. b4 Rac8 17. f4 Bh4 18. Rf1 Bf6 19. Bd3 Rfe8 20. Qf3 Qd8 21. Qh3 e5 22. fxe5 Ndxe5 23. Be2 Bg5 24. Rcd1 Bc6 25. Rf5 Bxe3+ 26. Qxe3 Bd7 27. Rff1 Be6 28. Nd5 Bxd5 29. cxd5 1/2-1/2

[Event "IECG CP.2004.Q.00012 email"]
[Site "IECG email"]
[Date "2006.01.20"]
[Round "?"]
[White "Mantovanelli, Marco"]
[Black "Borrell, Robert"]
[Result "1-0"]
[WhiteElo "2335"]
[BlackElo "2017"]
[PlyCount "45"]
[EventDate "2006.01.20"]
[EventType "tourn (corr)"]
[EventRounds "6"]
[EventCountry "AUT"]
[SourceTitle "Corr 2008"]
[Source "ChessBase"]
[SourceDate "2008.06.24"]
[SourceVersion "1"]
[SourceVersionDate "2008.06.24"]
[SourceQuality "1"]

1. d4 Nf6 2. c4 e6 3. Nf3 c5 4. d5 b5 5. e4 Nxe4 6. Bd3 Nd6 7. cxb5 a6 8. dxe6 dxe6 9. Na3 c4 10. Nxc4 Nxc4 11. Bxc4 Bb4+ 12. Ke2 Nd7 13. Qd4 0-0 14. Qe4 Bb7 15. Qxb7 Nc5 16. Qc6 Rc8 17. Rd1 Qa5 18. Qd6 axb5 19. Bd3 Rfd8 20. Qf4 Nxd3 21. Rxd3 Rxd3 22. Kxd3 Bd6 23. Qd4 1-0

[Event "CFriend RI-2005-0-00045 email"]
[Site "Chessfriend.com"]
[Date "2005.11.28"]
[Round "1"]
[White "Borrell, Robert"]
[Black "Degterev, Pavel"]
[Result "1-0"]
[WhiteElo "1910"]
[BlackElo "1686"]
[PlyCount "105"]
[EventDate "2005.11.28"]
[EventType "tourn (corr)"]
[EventRounds "6"]
[SourceTitle "Corr 2008"]
[Source "ChessBase"]
[SourceDate "2008.06.24"]
[SourceVersion "1"]
[SourceVersionDate "2008.06.24"]
[SourceQuality "1"]

1. e4 c6 2. d4 d5 3. exd5 cxd5 4. c4 Nf6 5. Nc3 Nc6 6. Nf3 Bg4 7. cxd5 Nxd5 8. Qb3 Bxf3 9. gxf3 e6 10. Qxb7 Nxd4 11. Bb5+ Nxb5 12. Qc6+ Ke7 13. Qxb5 Qd7 14. Nxd5+ Qxd5 15. Bg5+ f6 16. Qxd5 exd5 17. Be3 Kf7 18. 0-0-0 Rd8 19. Rd3 Rd7 20. Rhd1 Ke6 21. Re1 a6 22. Kb1 g6 23. Rc1 Be7 24. Rc6+ Rd6 25. Rc7 Bd8 26. Ra7 a5 27. Bf4 Rc6 28. Ra8 h5 29. Bd2 a4 30. b4 axb3 31. Rxb3 f5 32. Rbb8 Kd7 33. f4 Rf8 34. a3 Rh8 35. h3 Rf8 36. Bb4 Rh8 37. Ba5 Bxa5 38. Rxh8 Bd2 39. Rhg8 Ke7 40. Ra4 Kf6 41. Rga8 Rc1+ 42. Kb2 Rc7 43. Rd8 d4 44. Ra6+ Kg7 45. Rdd6 Bxf4 46. Rxg6+ Kh7 47. Rgf6 Rd7 48. Rxf5 d3 49. Raa5 d2 50. Rad5 d1Q 51. Rxd1 Rxd1 52. Rxf4 Rd3 53. h4 1-0

[Event "CFriend SI-2004-0-00041 email"]
[Site "Chessfriend.com"]
[Date "2005.11.28"]
[Round "1"]
[White "Norman, Nigel"]
[Black "Borrell, Robert"]
[Result "1/2-1/2"]
[WhiteElo "1909"]
[BlackElo "1910"]
[PlyCount "42"]
[EventDate "2005.11.28"]
[EventType "tourn (corr)"]
[EventRounds "6"]
[SourceTitle "Corr 2008"]
[Source "ChessBase"]
[SourceDate "2008.06.24"]
[SourceVersion "1"]
[SourceVersionDate "2008.06.24"]
[SourceQuality "1"]

1. Nf3 Nf6 2. g3 b5 3. Bg2 Bb7 4. 0-0 e6 5. d3 Be7 6. e4 d6 7. a4 b4 8. Nbd2 0-0 9. Re1 c5 10. e5 Ne8 11. exd6 Nxd6 12. Ne5 Bxg2 13. Kxg2 Nf5 14. Nb3 Nd7 15. Nc6 Qc8 16. Nxe7+ Nxe7 17. Qg4 Ng6 18. Bd2 Nde5 19. Qe4 Rd8 20. Rad1 Rb8 21. Bf4 Rd5 1/2-1/2

[Event "CFriend SI-2004-0-00041 email"]
[Site "Chessfriend.com"]
[Date "2005.11.28"]
[Round "1"]
[White "Ouchabane, Samir"]
[Black "Borrell, Robert"]
[Result "1/2-1/2"]
[WhiteElo "1850"]
[BlackElo "1910"]
[PlyCount "46"]
[EventDate "2005.11.28"]
[EventType "tourn (corr)"]
[EventRounds "6"]
[SourceTitle "Corr 2008"]
[Source "ChessBase"]
[SourceDate "2008.06.24"]
[SourceVersion "1"]
[SourceVersionDate "2008.06.24"]
[SourceQuality "1"]

1. e4 c5 2. Nf3 d6 3. d4 cxd4 4. Nxd4 Nf6 5. Nc3 a6 6. Be3 e6 7. f3 b5 8. Qd2 b4 9. Nce2 d5 10. exd5 Nxd5 11. 0-0-0 Qc7 12. Nf4 Nxe3 13. Qxe3 Be7 14. Bd3 Ra7 15. Qe4 g6 16. h4 0-0 17. h5 Bg5 18. Nde2 Nd7 19. hxg6 hxg6 20. Kb1 Qe5 21. Rh3 Bf6 22. Qxe5 Nxe5 23. Ng3 Bg7 1/2-1/2

[Event "CFriend RI-2005-0-00045 email"]
[Site "Chessfriend.com"]
[Date "2005.11.28"]
[Round "1"]
[White "Stadler, Pavel"]
[Black "Borrell, Robert"]
[Result "0-1"]
[WhiteElo "1629"]
[BlackElo "1910"]
[PlyCount "72"]
[EventDate "2005.11.28"]
[EventType "tourn (corr)"]
[EventRounds "6"]
[SourceTitle "Corr 2008"]
[Source "ChessBase"]
[SourceDate "2008.06.24"]
[SourceVersion "1"]
[SourceVersionDate "2008.06.24"]
[SourceQuality "1"]

1. d4 Nf6 2. c4 c5 3. d5 e6 4. Nc3 exd5 5. cxd5 d6 6. Nf3 g6 7. e4 a6 8. a4 Bg4 9. Be2 Bxf3 10. Bxf3 Bg7 11. 0-0 0-0 12. Bf4 Qe7 13. Re1 Nbd7 14. a5 h5 15. Na4 Nh7 16. Bd2 Ng5 17. g3 Nxf3+ 18. Qxf3 h4 19. Bc3 Bxc3 20. Qxc3 hxg3 21. hxg3 Rae8 22. b4 cxb4 23. Qxb4 f5 24. exf5 Ne5 25. Qe4 gxf5 26. Qf4 Qf6 27. Nb2 Re7 28. Kg2 Rg7 29. Ra4 Ng6 30. Qd4 Qg5 31. Rh1 f4 32. Ra3 Qf5 33. Qd3 Qf6 34. Qc3 Ne5 35. Nd3 fxg3 36. f4 Qf5 0-1

[Event "CFriend RI-2005-0-00045 email"]
[Site "Chessfriend.com"]
[Date "2005.11.28"]
[Round "1"]
[White "Vasquez, Carlos"]
[Black "Borrell, Robert"]
[Result "0-1"]
[WhiteElo "1742"]
[BlackElo "1910"]
[PlyCount "46"]
[EventDate "2005.11.28"]
[EventType "tourn (corr)"]
[EventRounds "6"]
[SourceTitle "Corr 2024"]
[Source "ChessBase"]
[SourceDate "2023.10.19"]
[SourceVersion "1"]
[SourceVersionDate "2023.10.19"]
[SourceQuality "1"]

1. e4 c5 2. c4 Nc6 3. Nc3 g6 4. g3 Bg7 5. Nf3 d6 6. Bg2 e6 7. 0-0 Nge7 8. d3 f5 9. exf5 Nxf5 10. Bg5 Qc7 11. Re1 h6 12. Bf4 g5 13. Nd5 Qd7 14. Bd2 0-0 15. Nc3 g4 16. Nh4 Nxh4 17. gxh4 Qf7 18. Be3 Qh5 19. h3 Ne5 20. Ne4 Nf3+ 21. Bxf3 Rxf3 22. Ng3 Qxh4 23. hxg4 Rxg3+ 0-1

[Event "CFriend SI-2004-0-00040 email"]
[Site "Chessfriend.com"]
[Date "2005.10.31"]
[Round "1"]
[White "Borrell, Robert"]
[Black "Eshuis, Hans"]
[Result "1-0"]
[WhiteElo "1910"]
[BlackElo "1842"]
[PlyCount "73"]
[EventDate "2005.10.31"]
[EventType "tourn (corr)"]
[EventRounds "6"]
[SourceTitle "Corr 2008"]
[Source "ChessBase"]
[SourceDate "2008.06.24"]
[SourceVersion "1"]
[SourceVersionDate "2008.06.24"]
[SourceQuality "1"]

1. e4 e6 2. d4 d5 3. Nd2 Nf6 4. e5 Nfd7 5. Bd3 c5 6. c3 Nc6 7. Ne2 cxd4 8. cxd4 f6 9. exf6 Nxf6 10. Nf3 Bd6 11. 0-0 0-0 12. Bf4 Bxf4 13. Nxf4 Ne4 14. g3 Ng5 15. Ne5 Nxe5 16. dxe5 Rxf4 17. gxf4 Nh3+ 18. Kh1 Nxf4 19. Rg1 Bd7 20. Qg4 Qf8 21. Bf5 g6 22. Qxf4 Qxf5 23. Qxf5 exf5 24. Kg2 Kf7 25. f4 d4 26. Rac1 Bc6+ 27. Kf2 Ke6 28. b3 Rd8 29. h4 Kd5 30. Rge1 a6 31. a3 a5 32. Re2 d3 33. Rd2 Ke4 34. Rc4+ Rd4 35. e6 Kd5 36. Rxd4+ Kxd4 37. e7 1-0

[Event "CFriend SI-2004-0-00040 email"]
[Site "Chessfriend.com"]
[Date "2005.10.31"]
[Round "1"]
[White "Sherwood, Russell"]
[Black "Borrell, Robert"]
[Result "0-1"]
[WhiteElo "1748"]
[BlackElo "1910"]
[PlyCount "70"]
[EventDate "2005.10.31"]
[EventType "tourn (corr)"]
[EventRounds "6"]
[SourceTitle "Corr 2008"]
[Source "ChessBase"]
[SourceDate "2008.06.24"]
[SourceVersion "1"]
[SourceVersionDate "2008.06.24"]
[SourceQuality "1"]

1. d4 Nf6 2. Nf3 g6 3. Bf4 Bg7 4. e3 d6 5. h3 0-0 6. Be2 Nfd7 7. 0-0 e5 8. Bh2 Nc6 9. c3 f5 10. Na3 e4 11. Qb3+ Kh8 12. Nd2 Nf6 13. Bf4 Qe7 14. Rfd1 h6 15. Nf1 a6 16. Nc2 Bd7 17. d5 Ne5 18. Nd4 Rab8 19. c4 c5 20. dxc6 bxc6 21. Qc3 g5 22. Bh2 Ne8 23. Qd2 c5 24. Nb3 Be6 25. Rac1 Rb4 26. Nd4 f4 27. b3 cxd4 28. Qxb4 dxe3 29. c5 exf2+ 30. Kxf2 g4 31. hxg4 f3 32. Bxf3 exf3 33. gxf3 Nxf3 34. Kg2 Bd7 35. Rc2 Bc6 0-1

[Event "CFriend SI-2004-0-00040 email"]
[Site "Chessfriend.com"]
[Date "2005.10.31"]
[Round "1"]
[White "Vasquez, Carlos"]
[Black "Borrell, Robert"]
[Result "0-1"]
[WhiteElo "1742"]
[BlackElo "1910"]
[PlyCount "50"]
[EventDate "2005.10.31"]
[EventType "tourn (corr)"]
[EventRounds "6"]
[SourceTitle "Corr 2024"]
[Source "ChessBase"]
[SourceDate "2023.10.19"]
[SourceVersion "1"]
[SourceVersionDate "2023.10.19"]
[SourceQuality "1"]

1. e4 c5 2. Nf3 d6 3. Bb5+ Bd7 4. c4 Nc6 5. d3 Nf6 6. Nc3 e6 7. Bg5 Be7 8. 0-0 a6 9. Bxc6 Bxc6 10. h3 b5 11. cxb5 axb5 12. Bxf6 Bxf6 13. Rb1 0-0 14. a3 Bxc3 15. bxc3 Rxa3 16. Qc1 Qa5 17. Ra1 Rxa1 18. Qd2 f5 19. Rxa1 Qxa1+ 20. Kh2 fxe4 21. dxe4 Bxe4 22. Qe3 Bd5 23. Ng5 b4 24. Nxe6 Qxc3 25. Qe2 Re8 0-1

[Event "CFriend SI-2004-0-00040 email"]
[Site "Chessfriend.com"]
[Date "2005.10.31"]
[Round "1"]
[White "Wortham, Alan Kirt"]
[Black "Borrell, Robert"]
[Result "1/2-1/2"]
[WhiteElo "1824"]
[BlackElo "1910"]
[PlyCount "41"]
[EventDate "2005.10.31"]
[EventType "tourn (corr)"]
[EventRounds "6"]
[SourceTitle "Corr 2008"]
[Source "ChessBase"]
[SourceDate "2008.06.24"]
[SourceVersion "1"]
[SourceVersionDate "2008.06.24"]
[SourceQuality "1"]

1. d4 Nf6 2. c4 g6 3. Nc3 d5 4. cxd5 Nxd5 5. e4 Nxc3 6. bxc3 Bg7 7. Nf3 c5 8. Rb1 0-0 9. Be2 Qa5 10. 0-0 Qxc3 11. Bd2 Qa3 12. Qc2 Bd7 13. Rxb7 cxd4 14. Bb4 Qa4 15. Qxa4 Bxa4 16. Bxe7 Rc8 17. e5 Nc6 18. Bd6 a5 19. Bd1 Bxd1 20. Rxd1 Re8 21. Nxd4 1/2-1/2

[Event "CFriend RI-2005-0-00041 email"]
[Site "Chessfriend.com"]
[Date "2005.09.30"]
[Round "1"]
[White "Borrell, Robert"]
[Black "Carr, James T"]
[Result "1-0"]
[WhiteElo "1910"]
[BlackElo "1925"]
[PlyCount "71"]
[EventDate "2005.09.30"]
[EventType "tourn (corr)"]
[EventRounds "6"]
[SourceTitle "Corr 2008"]
[Source "ChessBase"]
[SourceDate "2008.06.24"]
[SourceVersion "1"]
[SourceVersionDate "2008.06.24"]
[SourceQuality "1"]

1. e4 e5 2. Nf3 Nc6 3. Bb5 a6 4. Ba4 Nf6 5. 0-0 b5 6. Bb3 Bc5 7. a4 Bb7 8. d3 b4 9. Be3 Ba7 10. Nbd2 0-0 11. Bxa7 Rxa7 12. c3 bxc3 13. bxc3 d6 14. Qe2 Na5 15. Ba2 Ra8 16. Rfb1 Bc6 17. d4 Qe7 18. Rb2 Rfe8 19. Re1 Bd7 20. Reb1 h6 21. Qd3 Bxa4 22. d5 Ra7 23. c4 c5 24. Qa3 Qd7 25. Ne1 Rb7 26. Rxb7 Nxb7 27. Ra1 Nh5 28. Nb1 Bd1 29. Nc3 Bg4 30. f3 Bxf3 31. Nxf3 Nf4 32. g3 Nh3+ 33. Kh1 Ra8 34. Rf1 Qd8 35. Qa4 Na5 36. Nd1 1-0

[Event "CFriend RI-2005-0-00041 email"]
[Site "Chessfriend.com"]
[Date "2005.09.30"]
[Round "1"]
[White "Hafez, Rami"]
[Black "Borrell, Robert"]
[Result "0-1"]
[WhiteElo "1700"]
[BlackElo "1910"]
[PlyCount "56"]
[EventDate "2005.09.30"]
[EventType "tourn (corr)"]
[EventRounds "6"]
[SourceTitle "Corr 2008"]
[Source "ChessBase"]
[SourceDate "2008.06.24"]
[SourceVersion "1"]
[SourceVersionDate "2008.06.24"]
[SourceQuality "1"]

1. e4 c5 2. Nf3 d6 3. d4 cxd4 4. Nxd4 Nf6 5. Nc3 a6 6. h3 g6 7. Be3 Bg7 8. Be2 Nbd7 9. Qd2 Qc7 10. 0-0 b5 11. a3 Bb7 12. f4 0-0 13. Nf3 Nc5 14. e5 Nce4 15. Nxe4 Nxe4 16. Qe1 Qxc2 17. Rc1 Qxb2 18. exd6 Qxa3 19. dxe7 Qxe3+ 20. Kh1 Rfc8 21. Rxc8+ Rxc8 22. Qa5 Bf6 23. Re1 Ng3+ 24. Kh2 Qxf4 25. Qb6 Nxe2+ 26. Kh1 Qxf3 27. gxf3 Bxf3+ 28. Kh2 Be5# 0-1

[Event "IECG CB.2005.0.00143 email"]
[Site "IECG email"]
[Date "2005.08.28"]
[Round "?"]
[White "Grinwis, Jaap"]
[Black "Borrell, Robert"]
[Result "1/2-1/2"]
[WhiteElo "1967"]
[BlackElo "1832"]
[PlyCount "50"]
[EventDate "2005.08.28"]
[EventType "tourn (corr)"]
[EventRounds "6"]
[SourceTitle "Corr 2008"]
[Source "ChessBase"]
[SourceDate "2008.06.24"]
[SourceVersion "1"]
[SourceVersionDate "2008.06.24"]
[SourceQuality "1"]

1. e4 c5 2. Nf3 d6 3. d4 cxd4 4. Nxd4 Nf6 5. Nc3 a6 6. Bg5 e6 7. f4 Qb6 8. Qd2 Qxb2 9. Rb1 Qa3 10. f5 Nc6 11. fxe6 fxe6 12. Nxc6 bxc6 13. Be2 Be7 14. 0-0 0-0 15. Rb3 Qc5+ 16. Be3 Qe5 17. Bf4 Nxe4 18. Nxe4 Qxe4 19. Bxd6 Rxf1+ 20. Kxf1 Bf6 21. Ba3 Qd4 22. Qxd4 Bxd4 23. Bf3 g6 24. Bxc6 Ra7 25. Ke2 Bd7 1/2-1/2

[Event "IECG CC.2005.0.00121 email"]
[Site "IECG email"]
[Date "2005.08.15"]
[Round "?"]
[White "Borrell, Robert"]
[Black "Stoelzel, Werner"]
[Result "1-0"]
[WhiteElo "1737"]
[BlackElo "1655"]
[PlyCount "66"]
[EventDate "2005.08.15"]
[EventType "tourn (corr)"]
[EventRounds "6"]
[SourceTitle "Corr 2008"]
[Source "ChessBase"]
[SourceDate "2008.06.24"]
[SourceVersion "1"]
[SourceVersionDate "2008.06.24"]
[SourceQuality "1"]

1. e4 e6 2. d4 d5 3. Nd2 Nc6 4. Ngf3 Nf6 5. e5 Nd7 6. c3 f6 7. exf6 Qxf6 8. Bd3 e5 9. 0-0 e4 10. Nxe4 dxe4 11. Re1 Be7 12. Rxe4 Qf8 13. d5 Ncb8 14. Bb5 Kd8 15. Bf4 a6 16. Ng5 Ne5 17. Ba4 Ng6 18. d6 cxd6 19. Qd5 Nc6 20. Nf7+ Kd7 21. Bg3 b5 22. Bb3 Rb8 23. Rxe7+ Ngxe7 24. Qxd6+ Ke8 25. Re1 Bd7 26. Ne5 Nxe5 27. Qxb8+ Nc8 28. Qxe5+ Qe7 29. Qh5+ Kd8 30. Rxe7 Nxe7 31. Bh4 Kc8 32. Qc5+ Nc6 33. Be6 Kb7 1-0

[Event "CFriend SI-2004-0-00036 email"]
[Site "Chessfriend.com"]
[Date "2005.07.19"]
[Round "1"]
[White "Borrell, Robert"]
[Black "Prieto, Carlos"]
[Result "1/2-1/2"]
[WhiteElo "1910"]
[BlackElo "1897"]
[PlyCount "47"]
[EventDate "2005.07.19"]
[EventType "tourn (corr)"]
[EventRounds "6"]
[SourceTitle "Corr 2008"]
[Source "ChessBase"]
[SourceDate "2008.06.24"]
[SourceVersion "1"]
[SourceVersionDate "2008.06.24"]
[SourceQuality "1"]

1. e4 c5 2. Nf3 d6 3. d4 cxd4 4. Nxd4 Nf6 5. Nc3 a6 6. Bg5 e6 7. f4 Qb6 8. Qd2 Qxb2 9. Rb1 Qa3 10. e5 dxe5 11. fxe5 Nfd7 12. Bc4 Qa5 13. 0-0 Nxe5 14. Rbe1 Nxc4 15. Qf4 Nd6 16. Ne4 Qc7 17. c4 h6 18. Nf5 Nb5 19. Qxc7 Nxc7 20. Nfd6+ Bxd6 21. Nxd6+ Kd7 22. Nxf7 hxg5 23. Nxh8 Kc6 24. Nf7 1/2-1/2

[Event "CFriend SI-2004-0-00036 email"]
[Site "Chessfriend.com"]
[Date "2005.07.19"]
[Round "1"]
[White "Borrell, Robert"]
[Black "Sherwood, Russell"]
[Result "1-0"]
[WhiteElo "1910"]
[BlackElo "1748"]
[PlyCount "113"]
[EventDate "2005.07.19"]
[EventType "tourn (corr)"]
[EventRounds "6"]
[SourceTitle "Corr 2008"]
[Source "ChessBase"]
[SourceDate "2008.06.24"]
[SourceVersion "1"]
[SourceVersionDate "2008.06.24"]
[SourceQuality "1"]

1. e4 e6 2. d4 d5 3. Nd2 dxe4 4. Nxe4 Bd7 5. Nf3 Bc6 6. Bd3 Nd7 7. 0-0 Ngf6 8. Ng3 Be7 9. Qe2 0-0 10. Rd1 Bxf3 11. Qxf3 c6 12. c3 Qb6 13. a4 c5 14. a5 Qc6 15. Ne4 cxd4 16. cxd4 Rac8 17. Bg5 Qd5 18. a6 b6 19. Qe3 h6 20. Bf4 Nxe4 21. Bxe4 Qb5 22. Bxh6 Rfd8 23. Bf4 Qxb2 24. Rab1 Qa2 25. Qh3 Nf6 26. Bd3 Rc6 27. Be5 Rcc8 28. f4 Rc6 29. Ra1 Qd5 30. Bxf6 Bxf6 31. Qh7+ Kf8 32. Be4 Qc4 33. Bxc6 Qxc6 34. Rac1 Qd5 35. Rc7 Rd7 36. Rc8+ Rd8 37. Qh8+ Ke7 38. Rxd8 Qxd8 39. Qxd8+ Kxd8 40. d5 exd5 41. Rxd5+ Kc7 42. Rf5 Kd6 43. Kh1 Ke6 44. g4 Be7 45. Kg2 Bd8 46. Rb5 Kd6 47. h4 f6 48. h5 Kc6 49. Rf5 Kd6 50. g5 fxg5 51. Rf8 Be7 52. Ra8 Bf6 53. Rxa7 Bd4 54. Rb7 b5 55. a7 Bxa7 56. Rxa7 gxf4 57. Rxg7 1-0

[Event "CFriend SI-2004-0-00036 email"]
[Site "Chessfriend.com"]
[Date "2005.07.19"]
[Round "1"]
[White "Newton, Hobart E"]
[Black "Borrell, Robert"]
[Result "0-1"]
[WhiteElo "1809"]
[BlackElo "1910"]
[PlyCount "76"]
[EventDate "2005.07.19"]
[EventType "tourn (corr)"]
[EventRounds "6"]
[SourceTitle "Corr 2008"]
[Source "ChessBase"]
[SourceDate "2008.06.24"]
[SourceVersion "1"]
[SourceVersionDate "2008.06.24"]
[SourceQuality "1"]

1. e4 e5 2. Nf3 Nf6 3. Nxe5 d6 4. Nf3 Nxe4 5. d4 d5 6. Bd3 Be7 7. 0-0 Nc6 8. Re1 Bg4 9. c3 f5 10. Qb3 0-0 11. Qxb7 Bxf3 12. gxf3 Nxf2 13. Kxf2 Bh4+ 14. Kf1 Bxe1 15. Qxc6 Qh4 16. Qxd5+ Kh8 17. Ke2 Rae8+ 18. Kd1 Qxh2 19. a3 Qf2 20. Qc6 Qg2 21. Ra2 h5 22. Bf4 h4 23. Qxc7 h3 24. Qd6 Rf6 25. Qd7 Rfe6 26. Be5 h2 27. Bxh2 Qxh2 28. Bc4 R6e7 29. b4 Qh1 30. Qxf5 Bxc3+ 31. Kc2 Bxd4 32. Kb3 Re5 33. Qc2 Qxf3+ 34. Qd3 Qxd3+ 35. Bxd3 g5 36. Rg2 Re3 37. Kc2 Bf6 38. Bf5 Re2+ 0-1

[Event "CFriend SI-2004-0-00036 email"]
[Site "Chessfriend.com"]
[Date "2005.07.19"]
[Round "1"]
[White "Sanmartino, Gianluca"]
[Black "Borrell, Robert"]
[Result "1/2-1/2"]
[WhiteElo "1808"]
[BlackElo "1910"]
[PlyCount "39"]
[EventDate "2005.07.19"]
[EventType "tourn (corr)"]
[EventRounds "6"]
[SourceTitle "Corr 2008"]
[Source "ChessBase"]
[SourceDate "2008.06.24"]
[SourceVersion "1"]
[SourceVersionDate "2008.06.24"]
[SourceQuality "1"]

1. e4 e5 2. Nf3 Nf6 3. Nxe5 d6 4. Nf3 Nxe4 5. d4 d5 6. Bd3 Be7 7. 0-0 Nc6 8. c4 Nb4 9. cxd5 Nxd3 10. Qxd3 Qxd5 11. Re1 Bf5 12. Nc3 Nxc3 13. Qxc3 Be6 14. Re5 Qc6 15. Qe1 0-0-0 16. Bg5 Bxg5 17. Nxg5 Rhe8 18. Rc1 Qd7 19. Nxe6 Rxe6 20. Rxe6 1/2-1/2

[Event "IECG CC.2005.0.00117 email"]
[Site "IECG email"]
[Date "2005.06.04"]
[Round "?"]
[White "Borrell, Robert"]
[Black "Kleine, Joachim"]
[Result "1-0"]
[WhiteElo "1618"]
[BlackElo "1754"]
[PlyCount "145"]
[EventDate "2005.06.04"]
[EventType "tourn (corr)"]
[EventRounds "6"]
[SourceTitle "Corr 2008"]
[Source "ChessBase"]
[SourceDate "2008.06.24"]
[SourceVersion "1"]
[SourceVersionDate "2008.06.24"]
[SourceQuality "1"]

1. e4 e6 2. d4 d5 3. Nd2 Nf6 4. e5 Nfd7 5. Ngf3 c5 6. c4 Nc6 7. cxd5 exd5 8. Bb5 Qb6 9. Qe2 Be7 10. 0-0 Nxd4 11. Nxd4 cxd4 12. Nb3 0-0 13. Bf4 Nc5 14. Nxc5 Bxc5 15. Bd3 Bd7 16. Qh5 h6 17. Rfd1 Rac8 18. Qf3 Qe6 19. h3 Bb6 20. Re1 Ba5 21. Re2 Rc7 22. a3 Rfc8 23. b4 Bb6 24. Bd2 a6 25. Qf4 Ba7 26. Ree1 Re8 27. a4 Rcc8 28. Qg3 Bb8 29. f4 b5 30. f5 Qe7 31. Bf4 Rc3 32. f6 Qf8 33. Bxh6 Rxd3 34. Qg5 Bxe5 35. Bxg7 Rg3 36. Rxe5 Qxg7 37. fxg7 Rxg5 38. Rxg5 bxa4 39. Rxd5 Bb5 40. Rxd4 Kxg7 41. Ra3 Re2 42. Rg3+ Kf6 43. Rf4+ Ke6 44. h4 Re5 45. Rh3 Ke7 46. h5 Bd7 47. Rhf3 Rxh5 48. Rxf7+ Ke8 49. Rf8+ Ke7 50. R3f7+ Ke6 51. Rf6+ Ke7 52. R8f7+ Ke8 53. Rxd7 Kxd7 54. Rxa6 Rb5 55. Rxa4 Kc6 56. g4 Rg5 57. Kh2 Rg8 58. Kg3 Kb5 59. Ra5+ Kxb4 60. Rf5 Rg6 61. g5 Kc4 62. Kg4 Rg8 63. Rf6 Kd5 64. g6 Ke5 65. Kg5 Kd5 66. Kf5 Kc5 67. Rf7 Kd6 68. Kf6 Re8 69. g7 Re2 70. g8Q Rf2+ 71. Kg7 Rg2+ 72. Kf8 Rxg8+ 73. Kxg8 1-0